Ministránstábor Pozsonyeperjesen

Bibliographic Details
Main Author: Karaffa, János, 1973- (Author)
Format: Article
Language:Hungarian
PhysicalDescription:Fotografie
ISSN:1335-6534
Subjects:

MARC

LEADER 00000cab a2200000 4500
001 vtls011891326
003 SK-MaSNL
005 20260318132855.0
008 191003|2019 xo |||| || ||00 0|hun
015 |a SNBRB2019/08 
038 |a DSZK 
040 |a DSZK  |b hun  |d SNK  |e rda 
041 |a hun 
043 |a e-xo--- 
044 |a xo  |c SK 
072 7 |a 2  |x Náboženstvo  |2 konspekt 
080 |a 2-722.54-053.2(437.6)  |2 2011 
100 1 |a Karaffa, János,  |d 1973-  |4 aut  |9 297822 
245 1 0 |a Ministránstábor Pozsonyeperjesen  |c Karaffa János 
300 |b Fotografie 
336 |a text  |b txt  |2 rdacontent 
337 |a bez média  |b n  |2 rdamedia 
338 |a zväzok  |b nc  |2 rdacarrier 
650 0 7 |a prázdninové tábory  |2 SNKPH  |9 71360 
650 0 7 |a miništranti  |2 dszk  |9 59537 
651 7 |a Jahodná (Dunajská Streda, Slovensko)  |2 SNKPHgeo  |9 59109 
773 0 |t Remény  |g Évf. XXX. , sz. 30 (2019), o. 12  |x 1335-6534 
958 |a HU 
958 |a SK 
958 |a NT 
999 |c 2160608  |d 2162538